<?xml version="1.0" encoding="UTF-8"?>
<record
    xmlns:xsi="http://www.w3.org/2001/XMLSchema-instance"
    xsi:schemaLocation="http://www.loc.gov/MARC21/slim http://www.loc.gov/standards/marcxml/schema/MARC21slim.xsd"
    xmlns="http://www.loc.gov/MARC21/slim">

  <leader>01063nam a22002417a 4500</leader>
  <controlfield tag="005">20220512143123.0</controlfield>
  <controlfield tag="008">220512b           ||||| |||| 00| 0 eng d</controlfield>
  <datafield tag="020" ind1=" " ind2=" ">
    <subfield code="a">053384007x</subfield>
  </datafield>
  <datafield tag="040" ind1=" " ind2=" ">
    <subfield code="c">Aloy</subfield>
  </datafield>
  <datafield tag="041" ind1=" " ind2=" ">
    <subfield code="a">eng</subfield>
  </datafield>
  <datafield tag="082" ind1=" " ind2=" ">
    <subfield code="2">23</subfield>
    <subfield code="a">152.4</subfield>
    <subfield code="b">GOLE</subfield>
  </datafield>
  <datafield tag="100" ind1=" " ind2=" ">
    <subfield code="a">Daniel Goleman</subfield>
    <subfield code="9">36382</subfield>
  </datafield>
  <datafield tag="245" ind1=" " ind2=" ">
    <subfield code="a">Emotional intelligence</subfield>
  </datafield>
  <datafield tag="260" ind1=" " ind2=" ">
    <subfield code="a">New York</subfield>
    <subfield code="b">Bantam Books</subfield>
    <subfield code="c">1996</subfield>
  </datafield>
  <datafield tag="300" ind1=" " ind2=" ">
    <subfield code="a">xv,413p.</subfield>
    <subfield code="b">PB</subfield>
    <subfield code="c">17x10cm</subfield>
  </datafield>
  <datafield tag="365" ind1=" " ind2=" ">
    <subfield code="2">Psychology</subfield>
    <subfield code="b">7.50</subfield>
    <subfield code="c">$</subfield>
    <subfield code="d">7.50</subfield>
  </datafield>
  <datafield tag="520" ind1=" " ind2=" ">
    <subfield code="a">The book was originally presented in 5 parts on the emotional brain, emotional intelligence, applications, societal influences and emotional literacy. In our full Emotional Intelligence summary, you&#x2019;ll find these insights consolidated into 4 sections to explain the biology and neurology behind emotions, the dangers of emotional illiteracy, and how to develop emotional intelligence for better outcomes. Here are some key highlights.</subfield>
  </datafield>
  <datafield tag="650" ind1=" " ind2=" ">
    <subfield code="a">Emotions</subfield>
    <subfield code="9">36383</subfield>
  </datafield>
  <datafield tag="650" ind1=" " ind2=" ">
    <subfield code="a">Psychology</subfield>
    <subfield code="9">36384</subfield>
  </datafield>
  <datafield tag="650" ind1=" " ind2=" ">
    <subfield code="a">Emotional Brain</subfield>
    <subfield code="9">36385</subfield>
  </datafield>
  <datafield tag="700" ind1=" " ind2=" ">
    <subfield code="a">GOLEMAN (Daniel)</subfield>
    <subfield code="9">36386</subfield>
  </datafield>
  <datafield tag="942" ind1=" " ind2=" ">
    <subfield code="2">ddc</subfield>
    <subfield code="c">GF</subfield>
  </datafield>
  <datafield tag="999" ind1=" " ind2=" ">
    <subfield code="c">222897</subfield>
    <subfield code="d">222897</subfield>
  </datafield>
  <datafield tag="952" ind1=" " ind2=" ">
    <subfield code="0">0</subfield>
    <subfield code="1">0</subfield>
    <subfield code="2">ddc</subfield>
    <subfield code="4">0</subfield>
    <subfield code="7">0</subfield>
    <subfield code="8">PSY</subfield>
    <subfield code="a">AL</subfield>
    <subfield code="b">AL</subfield>
    <subfield code="d">2013-03-24</subfield>
    <subfield code="l">0</subfield>
    <subfield code="o">152.4 GOLE</subfield>
    <subfield code="p">GF02331</subfield>
    <subfield code="r">2022-05-12 00:00:00</subfield>
    <subfield code="w">2022-05-12</subfield>
    <subfield code="y">GF</subfield>
  </datafield>
</record>
